[Event "Mitropa Cup 25th"]
[Site "Brno"]
[Date "2006.09.11"]
[Round "5.4"]
[White "Meszaros, Michal"]
[Black "Polak, Tomas"]
[Result "1/2-1/2"]
[WhiteElo "2420"]
[BlackElo "2473"]
[PlyCount "93"]
[EventDate "2006.09.07"]
[EventType "team-tourn"]
[EventRounds "9"]
[EventCountry "CZE"]
[Source "ChessBase"]
[SourceDate "2006.11.03"]
[WhiteTeam "Slovakia"]
[BlackTeam "Czech Republic"]
[WhiteTeamCountry "SVK"]
[BlackTeamCountry "CZE"]

1. e4 d5 2. exd5 Qxd5 3. Nc3 Qa5 4. d4 c6 5. Nf3 Bf5 6. Bc4 e6 7. Bd2 Qb6 8.
Bb3 Nf6 9. Qe2 Bd6 10. O-O-O O-O 11. h3 Qa6 12. Rhe1 Qxe2 13. Rxe2 Nbd7 14. Nh4
Bg6 15. Nxg6 hxg6 16. Ne4 Nxe4 17. Rxe4 Nf6 18. Re2 Nd5 19. c4 Nf4 20. Bxf4
Bxf4+ 21. Kb1 Bd6 22. Re4 Rfd8 23. f4 Kf8 24. g4 Be7 25. d5 exd5 26. cxd5 c5
27. a4 Bd6 28. f5 gxf5 29. gxf5 Re8 30. Rde1 Rxe4 31. Rxe4 Re8 32. Rxe8+ Kxe8
33. Bd1 Ke7 34. Kc2 Kf6 35. Bg4 Ke5 36. Kd3 Kxd5 37. Bf3+ Ke5 38. Bxb7 Kxf5 39.
Ke3 Kg5 40. Kf3 Kh4 41. Kg2 f5 42. b3 Be5 43. Bc6 Bd4 44. Bd7 g6 45. Be8 g5 46.
Bd7 f4 47. Bg4 1/2-1/2

[Event "Mitropa Cup 25th"]
[Site "Brno"]
[Date "2006.09.11"]
[Round "5.3"]
[White "Sakelsek, Tadej"]
[Black "Bernasek, Jan"]
[Result "0-1"]
[WhiteElo "2432"]
[BlackElo "2459"]
[PlyCount "66"]
[EventDate "2006.09.07"]
[EventType "team-tourn"]
[EventRounds "9"]
[EventCountry "CZE"]
[Source "ChessBase"]
[SourceDate "2006.11.03"]
[WhiteTeam "Slovenia"]
[BlackTeam "Czech Republic II"]
[WhiteTeamCountry "SLO"]
[BlackTeamCountry "CZE"]

1. e4 c5 2. Nf3 a6 3. b3 d6 4. d4 cxd4 5. Nxd4 Nf6 6. Bd3 e5 7. Ne2 d5 8. Nd2
dxe4 9. Nxe4 Nxe4 10. Bxe4 Qxd1+ 11. Kxd1 Bc5 12. Be3 Nd7 13. c4 Bxe3 14. fxe3
Nf6 15. Bd5 Nxd5 16. cxd5 f5 17. Rc1 Kd7 18. Kc2 Kd6 19. Kb2 Bd7 20. Rcd1 Rac8
21. Rd2 Rc5 22. e4 g6 23. Rf1 Rf8 24. h4 Rcc8 25. Ng3 h6 26. a4 a5 27. Re1 Rc5
28. Nf1 b5 29. axb5 Bxb5 30. Ne3 fxe4 31. Ra1 Bd3 32. Rc1 Rxc1 33. Kxc1 Kc5 0-1

[Event "Mitropa Cup 25th"]
[Site "Brno"]
[Date "2006.09.11"]
[Round "5.3"]
[White "Simacek, Pavel"]
[Black "Borisek, Jure"]
[Result "1/2-1/2"]
[WhiteElo "2500"]
[BlackElo "2495"]
[PlyCount "94"]
[EventDate "2006.09.07"]
[EventType "team-tourn"]
[EventRounds "9"]
[EventCountry "CZE"]
[Source "ChessBase"]
[SourceDate "2006.11.03"]
[WhiteTeam "Czech Republic II"]
[BlackTeam "Slovenia"]
[WhiteTeamCountry "CZE"]
[BlackTeamCountry "SLO"]

1. d4 d5 2. c4 dxc4 3. Nf3 Nf6 4. e3 e6 5. Bxc4 c5 6. O-O a6 7. dxc5 Qxd1 8.
Rxd1 Bxc5 9. Nbd2 O-O 10. Be2 Rd8 11. b3 b6 12. Bb2 Bb7 13. Rac1 Nc6 14. a3
Rac8 15. Rc2 Nd5 16. Rdc1 a5 17. Bb5 Na7 18. Bc4 Nc6 19. Ne4 Be7 20. Kf1 Kf8
21. Ke2 f6 22. Rd2 Nc7 23. Rxd8+ Rxd8 24. Nc3 e5 25. h4 Na7 26. h5 Nc8 27. Bd3
Ba6 28. Bxa6 Nxa6 29. Ne4 Nd6 30. Nfd2 Nxe4 31. Nxe4 Nc5 32. Nxc5 Bxc5 33. Rc4
Kf7 34. Bc1 Ke6 35. e4 g6 36. hxg6 hxg6 37. a4 Rh8 38. Bd2 Kd6 39. Kf3 f5 40.
exf5 gxf5 41. Be3 Bxe3 42. fxe3 Rh1 43. e4 f4 44. b4 Rf1+ 45. Ke2 Rb1 46. b5
Rb4 47. Kd3 Rxc4 1/2-1/2

[Event "Mitropa Cup 25th"]
[Site "Brno"]
[Date "2006.09.11"]
[Round "5.3"]
[White "Skoberne, Jure"]
[Black "Chytilek, Roman"]
[Result "1/2-1/2"]
[WhiteElo "2407"]
[BlackElo "2392"]
[PlyCount "141"]
[EventDate "2006.09.07"]
[EventType "team-tourn"]
[EventRounds "9"]
[EventCountry "CZE"]
[Source "ChessBase"]
[SourceDate "2006.11.03"]
[WhiteTeam "Slovenia"]
[BlackTeam "Czech Republic II"]
[WhiteTeamCountry "SLO"]
[BlackTeamCountry "CZE"]

1. c4 b6 2. Nc3 Bb7 3. d4 e6 4. e4 Bb4 5. Bd3 f5 6. Qe2 Nc6 7. Nf3 fxe4 8. Qxe4
Nf6 9. Qh4 O-O 10. O-O Ne7 11. Qh3 Bxc3 12. bxc3 Be4 13. Bxe4 Nxe4 14. Ba3 Rf6
15. Rae1 Nd6 16. Ne5 Ng6 17. Bc1 Nf7 18. Nd3 Qc8 19. f4 Qa6 20. g4 Qxc4 21. f5
exf5 22. gxf5 Nf8 23. Nf4 Nd6 24. Nh5 Rf7 25. Bh6 Re8 26. Bxg7 Rxg7+ 27. Nxg7
Kxg7 28. Qg3+ Kf7 29. f6 Ne6 30. Rxe6 Kxe6 31. Qe5+ Kf7 32. Qh5+ Ke6 33. f7
Qxf1+ 34. Kxf1 Rf8 35. Ke2 Ke7 36. Qh4+ Ke6 37. Qxh7 Rxf7 38. Qg6+ Ke7 39. h4
Rf6 40. Qg7+ Nf7 41. h5 b5 42. d5 a6 43. Qg3 c6 44. Qe3+ Kf8 45. Qb6 Rd6 46.
Qb8+ Ke7 47. dxc6 Rxc6 48. Kd3 Rd6+ 49. Kc2 Rh6 50. Qh2 Re6 51. Kb3 Rh6 52. Kb4
Rc6 53. Ka5 Re6 54. Qh4+ Ke8 55. Qh1 Ke7 56. Qg1 Rh6 57. Qe3+ Re6 58. Qc5+ Ke8
59. Qc8+ Ke7 60. Qxa6 Rxa6+ 61. Kxa6 Nd6 62. Ka5 Kf6 63. Kb4 Kg5 64. Kc5 Ne4+
65. Kd4 Nd2 66. Kc5 Ne4+ 67. Kxb5 Nxc3+ 68. Kc4 Nxa2 69. Kd5 Kxh5 70. Kd6 Kg6
71. Kxd7 1/2-1/2

[Event "Mitropa Cup 25th"]
[Site "Brno"]
[Date "2006.09.11"]
[Round "5.2"]
[White "Bogner, Sebastian"]
[Black "Colin, Vincent"]
[Result "0-1"]
[WhiteElo "2318"]
[BlackElo "2415"]
[PlyCount "66"]
[EventDate "2006.09.07"]
[EventType "team-tourn"]
[EventRounds "9"]
[EventCountry "CZE"]
[Source "ChessBase"]
[SourceDate "2006.11.03"]
[WhiteTeam "Germany"]
[BlackTeam "France"]
[WhiteTeamCountry "GER"]
[BlackTeamCountry "FRA"]

1. e4 e5 2. Nf3 Nc6 3. Bb5 a6 4. Bxc6 dxc6 5. O-O Bd6 6. d4 exd4 7. Qxd4 f6 8.
Be3 Ne7 9. Nbd2 Be6 10. Qc3 Ng6 11. Nc4 Bxc4 12. Qxc4 Qe7 13. Rfe1 O-O-O 14.
Bd4 Rhe8 15. Bc3 Qd7 16. h3 c5 17. Rad1 Qc6 18. b3 Re7 19. Nd2 Rde8 20. Qd3 Bf4
21. g3 Bxd2 22. Rxd2 Rxe4 23. Rxe4 Qxe4 24. Qd7+ Kb8 25. Qxg7 Ne5 26. Bxe5 Qe1+
27. Kg2 Qxd2 28. Bxc7+ Ka8 29. Qxh7 Qd5+ 30. Kh2 Qf3 31. h4 Qxf2+ 32. Kh3 f5
33. h5 Qf3 0-1

[Event "Mitropa Cup 25th"]
[Site "Brno"]
[Date "2006.09.11"]
[Round "5.2"]
[White "Degraeve, Jean Marc"]
[Black "Braun, Arik"]
[Result "1/2-1/2"]
[WhiteElo "2540"]
[BlackElo "2526"]
[PlyCount "39"]
[EventDate "2006.09.07"]
[EventType "team-tourn"]
[EventRounds "9"]
[EventCountry "CZE"]
[Source "ChessBase"]
[SourceDate "2006.11.03"]
[WhiteTeam "France"]
[BlackTeam "Germany"]
[WhiteTeamCountry "FRA"]
[BlackTeamCountry "GER"]

1. e4 e6 2. d4 d5 3. Nc3 Nf6 4. Bg5 Be7 5. e5 Nfd7 6. h4 O-O 7. Bd3 c5 8. Qh5
g6 9. Qh6 cxd4 10. Nf3 Nxe5 11. Nxe5 dxc3 12. Nxg6 fxg6 13. Bxg6 hxg6 14. Qxg6+
Kh8 15. Qh6+ Kg8 16. Qg6+ Kh8 17. Rh3 cxb2 18. Qh6+ Kg8 19. Qg6+ Kh8 20. Qh6+
1/2-1/2

[Event "Mitropa Cup 25th"]
[Site "Brno"]
[Date "2006.09.11"]
[Round "5.2"]
[White "Gozzoli, Yannick"]
[Black "Brener, Ilja"]
[Result "1/2-1/2"]
[WhiteElo "2470"]
[BlackElo "2327"]
[PlyCount "77"]
[EventDate "2006.09.07"]
[EventType "team-tourn"]
[EventRounds "9"]
[EventCountry "CZE"]
[Source "ChessBase"]
[SourceDate "2006.11.03"]
[WhiteTeam "France"]
[BlackTeam "Germany"]
[WhiteTeamCountry "FRA"]
[BlackTeamCountry "GER"]

1. d4 Nf6 2. c4 e6 3. Nf3 b6 4. g3 Ba6 5. Qc2 c5 6. d5 exd5 7. cxd5 d6 8. Bg2
g6 9. O-O Bg7 10. Nc3 O-O 11. Re1 b5 12. e4 Nbd7 13. Bf1 Qb6 14. a4 b4 15. Bxa6
Qxa6 16. Nb5 Rfc8 17. Bf4 Ne8 18. Nd2 c4 19. Nxc4 Nb6 20. b3 Nxc4 21. bxc4 Bxa1
22. Rxa1 Qb6 23. Be3 Qb7 24. Qb3 a6 25. Nd4 Nf6 26. f3 Nd7 27. Nc6 Rxc6 28.
dxc6 Qxc6 29. Qxb4 Ne5 30. Kg2 Nxc4 31. Bh6 f6 32. Rb1 Ne5 33. Qb3+ Nf7 34. Rc1
Qd7 35. Be3 Rc8 36. Rxc8+ Qxc8 37. Bd4 Kg7 38. f4 h5 39. a5 1/2-1/2

[Event "Mitropa Cup 25th"]
[Site "Brno"]
[Date "2006.09.11"]
[Round "5.1"]
[White "Banusz, Tamas"]
[Black "Wirthensohn, Heinz"]
[Result "1/2-1/2"]
[WhiteElo "2480"]
[BlackElo "2397"]
[PlyCount "92"]
[EventDate "2006.09.07"]
[EventType "team-tourn"]
[EventRounds "9"]
[EventCountry "CZE"]
[Source "ChessBase"]
[SourceDate "2006.11.03"]
[WhiteTeam "Hungary"]
[BlackTeam "Switzerland"]
[WhiteTeamCountry "HUN"]
[BlackTeamCountry "SUI"]

1. d4 d5 2. c4 c6 3. Nf3 Nf6 4. Nc3 dxc4 5. a4 e6 6. e4 Bb4 7. e5 Nd5 8. Bd2 b5
9. Ne4 f5 10. exf6 Bxd2+ 11. Nfxd2 Nxf6 12. Nxf6+ Qxf6 13. Ne4 Qf4 14. Qe2 O-O
15. g3 Qc7 16. Bg2 Qa5+ 17. Nd2 c3 18. bxc3 Qxc3 19. O-O bxa4 20. Rxa4 Kh8 21.
Ne4 Qb3 22. Nc5 Qb6 23. Be4 g6 24. Rb1 Qc7 25. Rab4 Qd6 26. Qb2 Nd7 27. Bxc6 a5
28. Bxa8 axb4 29. Qxb4 e5 30. Nxd7 Qxb4 31. Rxb4 Bxd7 32. Bd5 exd4 33. Rxd4 Bf5
34. Bg2 Rf7 35. g4 Rd7 36. Rxd7 Bxd7 37. g5 h6 38. h4 hxg5 39. hxg5 Kg7 40. Be4
Ba4 41. Kg2 Bb3 42. Kg3 Bc4 43. Kf4 Bb3 44. Ke5 Bd1 45. Ke6 Bb3+ 46. Bd5 Bc2
1/2-1/2

[Event "Mitropa Cup 25th"]
[Site "Brno"]
[Date "2006.09.11"]
[Round "5.1"]
[White "Ekstroem, Roland"]
[Black "Papp, Gabor"]
[Result "1/2-1/2"]
[WhiteElo "2461"]
[BlackElo "2481"]
[PlyCount "103"]
[EventDate "2006.09.07"]
[EventType "team-tourn"]
[EventRounds "9"]
[EventCountry "CZE"]
[Source "ChessBase"]
[SourceDate "2006.11.03"]
[WhiteTeam "Switzerland"]
[BlackTeam "Hungary"]
[WhiteTeamCountry "SUI"]
[BlackTeamCountry "HUN"]

1. e4 c5 2. c3 d5 3. exd5 Qxd5 4. d4 Nf6 5. Nf3 e6 6. Be3 Be7 7. dxc5 Qxd1+ 8.
Kxd1 Ng4 9. b4 O-O 10. a3 a5 11. Bb5 axb4 12. cxb4 Nxe3+ 13. fxe3 b6 14. cxb6
Bxb4 15. Ke2 Ba5 16. Nbd2 Bxb6 17. Rhc1 Bb7 18. a4 Na6 19. Bc6 Bxc6 20. Rxc6
Bd8 21. a5 Nb4 22. Rc4 Nd5 23. a6 Bf6 24. Nd4 Rfd8 25. Ra5 h6 26. Nc6 Nc3+ 27.
Ke1 Rd5 28. Ra1 Nb5 29. Ra2 Nc3 30. Rxc3 Bxc3 31. Ne7+ Kf8 32. Nxd5 exd5 33.
Ke2 Ke7 34. Kd3 Bb4 35. Nf3 Kd6 36. g4 Bc5 37. Nd4 Kc7 38. Rf2 Bxd4 39. Rxf7+
Kd6 40. exd4 Rxa6 41. h4 Ra3+ 42. Ke2 Ra4 43. Kd3 Ra3+ 44. Kc2 Ra4 45. Kc3 Ra3+
46. Kd2 Ra4 47. Ke3 Ra3+ 48. Kf4 Rd3 49. Rxg7 Rxd4+ 50. Kf5 h5 51. gxh5 Rxh4
52. Kg5 1/2-1/2

[Event "Mitropa Cup 25th"]
[Site "Brno"]
[Date "2006.09.11"]
[Round "5.1"]
[White "Erdos, Viktor"]
[Black "Jenni, Florian"]
[Result "1-0"]
[WhiteElo "2528"]
[BlackElo "2481"]
[PlyCount "101"]
[EventDate "2006.09.07"]
[EventType "team-tourn"]
[EventRounds "9"]
[EventCountry "CZE"]
[Source "ChessBase"]
[SourceDate "2006.11.03"]
[WhiteTeam "Hungary"]
[BlackTeam "Switzerland"]
[WhiteTeamCountry "HUN"]
[BlackTeamCountry "SUI"]

1. d4 Nf6 2. c4 e6 3. Nf3 b6 4. Nc3 Bb4 5. Bg5 h6 6. Bh4 Bb7 7. Nd2 Bxc3 8.
bxc3 d6 9. f3 e5 10. e4 Nbd7 11. Bd3 Qe7 12. Nf1 g5 13. Bf2 Nh5 14. Ne3 Nf4 15.
Bf1 Qf6 16. g3 Ne6 17. Nd5 Qd8 18. Bh3 c5 19. O-O O-O 20. Kh1 Nf6 21. Be3 Ng7
22. dxe5 dxe5 23. Qb3 Nxd5 24. cxd5 f5 25. Bxc5 Bxd5 26. exd5 bxc5 27. d6+ Kh7
28. Qd5 Qf6 29. Rfe1 Rad8 30. Rad1 Rfe8 31. Qxc5 Rd7 32. Rd5 Re6 33. Red1 Kg6
34. c4 e4 35. fxe4 Rxe4 36. Bf1 Qc3 37. Qf2 Re5 38. Rxe5 Qxe5 39. c5 Ne6 40.
Rc1 Rd8 41. Bg2 Kf6 42. Re1 Qc3 43. Qe2 Nxc5 44. Qe7+ Kg6 45. g4 fxg4 46. Rf1
Rd7 47. Qe8+ Kg7 48. Bd5 h5 49. Qf8+ Kh7 50. Bg8+ Kg6 51. Bf7+ 1-0

[Event "Mitropa Cup 25th"]
[Site "Brno"]
[Date "2006.09.11"]
[Round "5.1"]
[White "Raeber, Markus"]
[Black "Berczes, David"]
[Result "1/2-1/2"]
[WhiteElo "2219"]
[BlackElo "2461"]
[PlyCount "107"]
[EventDate "2006.09.07"]
[EventType "team-tourn"]
[EventRounds "9"]
[EventCountry "CZE"]
[Source "ChessBase"]
[SourceDate "2006.11.03"]
[WhiteTeam "Switzerland"]
[BlackTeam "Hungary"]
[WhiteTeamCountry "SUI"]
[BlackTeamCountry "HUN"]

1. d4 Nf6 2. c4 e6 3. Nc3 Bb4 4. Qc2 O-O 5. a3 Bxc3+ 6. Qxc3 b5 7. cxb5 c6 8.
Bg5 cxb5 9. Nf3 Bb7 10. e3 h6 11. Bxf6 Qxf6 12. Be2 Rc8 13. Qd3 Bd5 14. O-O Bc4
15. Qd2 Nc6 16. Rfc1 Bxe2 17. Qxe2 a6 18. b4 Qd8 19. Rc2 Ne7 20. Rac1 Rxc2 21.
Rxc2 Nd5 22. Qd3 Rc8 23. Ne1 Nb6 24. Rxc8 Qxc8 25. Qc2 Qb7 26. f3 f5 27. Kf2
Qd5 28. Nd3 Nc4 29. Qc3 g5 30. Nc5 Qd6 31. g3 h5 32. a4 g4 33. axb5 axb5 34.
Qa1 Qc6 35. e4 fxe4 36. fxe4 d6 37. Qa6 Qe8 38. Nd3 Qf7+ 39. Nf4 e5 40. dxe5
dxe5 41. Qg6+ Qxg6 42. Nxg6 Kf7 43. Nh4 Na3 44. Nf5 Ke6 45. Ne3 Nb1 46. Nd5 Nd2
47. Nc3 Kd7 48. Ke2 Nf3 49. Nxb5 Nxh2 50. Nc3 Nf3 51. Nd5 Ke6 52. Kf2 Nd2 53.
Ke3 Nf1+ 54. Kf2 1/2-1/2

[Event "Mitropa Cup 25th"]
[Site "Brno"]
[Date "2006.09.12"]
[Round "6.2"]
[White "Brkic, Ante"]
[Black "Meszaros, Michal"]
[Result "1-0"]
[WhiteElo "2547"]
[BlackElo "2420"]
[PlyCount "147"]
[EventDate "2006.09.07"]
[EventType "team-tourn"]
[EventRounds "9"]
[EventCountry "CZE"]
[Source "ChessBase"]
[SourceDate "2006.11.03"]
[WhiteTeam "Croatia"]
[BlackTeam "Slovakia"]
[WhiteTeamCountry "CRO"]
[BlackTeamCountry "SVK"]

1. e4 c5 2. Nf3 d6 3. d4 cxd4 4. Nxd4 Nf6 5. Nc3 Nc6 6. Bg5 e6 7. Qd2 Qb6 8.
Nb3 a6 9. f3 Be7 10. O-O-O O-O 11. h4 Rd8 12. h5 Qc7 13. h6 g6 14. Qf4 Ne8 15.
Bxe7 Nxe7 16. Qe3 b5 17. Bd3 Qa7 18. Qe1 b4 19. Ne2 a5 20. f4 a4 21. Nbd4 Qc5
22. Kb1 Ba6 23. Bxa6 Rxa6 24. Qd2 Rc8 25. Qd3 Qc4 26. g4 Ra5 27. Rhf1 Qxd3 28.
cxd3 e5 29. Nf3 exf4 30. Nxf4 Nf6 31. g5 Ng4 32. Rc1 Rac5 33. Rxc5 Rxc5 34. d4
Rc4 35. Rg1 Ne3 36. Rc1 Rxc1+ 37. Kxc1 Ng4 38. Kc2 f6 39. gxf6 Nxf6 40. Kd3 Kf8
41. Ng5 Neg8 42. e5 dxe5 43. dxe5 Ng4 44. Nxh7+ Ke8 45. Nf6+ N8xf6 46. exf6
Nxh6 47. Nxg6 Kf7 48. Nf4 Kxf6 49. Kc4 b3 50. a3 Nf5 51. Nd3 Ke7 52. Nc5 Kd6
53. Nxa4 Kc6 54. Kxb3 Kb5 55. Nc3+ Kb6 56. Kc4 Ne3+ 57. Kd3 Ng4 58. b4 Ne5+ 59.
Kd4 Nc6+ 60. Kd5 Ne7+ 61. Kc4 Nf5 62. a4 Ne3+ 63. Kb3 Ka6 64. a5 Nf5 65. Ka4
Nd4 66. b5+ Kb7 67. Nd5 Ka7 68. a6 Ne6 69. Ka5 Nd8 70. b6+ Kb8 71. Nc7 Nc6+ 72.
Kb5 Nd4+ 73. Kc5 Nb3+ 74. Kd6 1-0

[Event "Mitropa Cup 25th"]
[Site "Brno"]
[Date "2006.09.12"]
[Round "6.2"]
[White "Petrik, Tomas"]
[Black "Jankovic, Alojzije"]
[Result "0-1"]
[WhiteElo "2523"]
[BlackElo "2525"]
[PlyCount "124"]
[EventDate "2006.09.07"]
[EventType "team-tourn"]
[EventRounds "9"]
[EventCountry "CZE"]
[Source "ChessBase"]
[SourceDate "2006.11.03"]
[WhiteTeam "Slovakia"]
[BlackTeam "Croatia"]
[WhiteTeamCountry "SVK"]
[BlackTeamCountry "CRO"]

1. e4 c5 2. Nf3 Nc6 3. d4 cxd4 4. Nxd4 Nf6 5. Nc3 d6 6. Bg5 e6 7. Qd2 a6 8.
O-O-O Bd7 9. f4 b5 10. Bxf6 gxf6 11. Kb1 Qb6 12. Nxc6 Bxc6 13. Qe1 Ra7 14. Bd3
Qc5 15. f5 Rc7 16. Ne2 e5 17. Ng3 Ke7 18. Nh5 Bh6 19. g4 Qe3 20. Qb4 a5 21.
Qxa5 Ra7 22. Qc3 Qc5 23. Qxc5 dxc5 24. Ng3 Rha8 25. a3 c4 26. Be2 c3 27. Rd3 b4
28. Rhd1 cxb2 29. axb4 Bc1 30. Rxc1 Ra1+ 31. Kxb2 R8a2+ 32. Kc3 Rxc1 33. Rd2
Ba4 34. Bd3 Rb1 35. Be2 Ra3+ 36. Kc4 Rb2 37. Bd1 Re3 38. Rd3 Rxd3 39. Kxd3 Rxb4
40. c3 Bb5+ 41. Kc2 Rc4 42. Kb3 Rc8 43. Kb4 Bd3 44. Bb3 Rb8+ 45. Ka3 Rg8 46.
Bd1 Ra8+ 47. Kb2 Rb8+ 48. Kc1 Rb1+ 49. Kd2 Bc4 50. Be2 Bxe2 51. Nxe2 Rh1 52.
Ke3 Rxh2 53. Kf3 Kd6 54. Ke3 Kc5 55. Ng3 Rh3 56. Kf2 Rxg3 57. Kxg3 Kc4 58. Kh4
Kxc3 59. Kh5 Kd4 60. Kh6 Kxe4 61. Kg7 Kf4 62. Kxf7 Kg5 0-1

[Event "Mitropa Cup 25th"]
[Site "Brno"]
[Date "2006.09.12"]
[Round "6.2"]
[White "Saric, Ivan"]
[Black "Jurcik, Marian"]
[Result "1/2-1/2"]
[WhiteElo "2394"]
[BlackElo "2328"]
[PlyCount "64"]
[EventDate "2006.09.07"]
[EventType "team-tourn"]
[EventRounds "9"]
[EventCountry "CZE"]
[Source "ChessBase"]
[SourceDate "2006.11.03"]
[WhiteTeam "Croatia"]
[BlackTeam "Slovakia"]
[WhiteTeamCountry "CRO"]
[BlackTeamCountry "SVK"]

1. e4 c5 2. Nf3 d6 3. d4 cxd4 4. Nxd4 Nf6 5. Nc3 Nc6 6. Bg5 e6 7. Qd2 a6 8.
O-O-O h6 9. Be3 Bd7 10. f3 Rc8 11. g4 Nxd4 12. Qxd4 e5 13. Qb6 Qxb6 14. Bxb6
Be6 15. h4 Be7 16. Be2 Kd7 17. a4 Bd8 18. Bxd8 Rhxd8 19. Rhf1 Ke7 20. Rd2 Rc6
21. Kb1 Rdc8 22. Nd1 Bxg4 23. fxg4 Nxe4 24. Rd3 Rxc2 25. Re1 Rc1+ 26. Ka2 R8c2
27. Re3 Nc5 28. Bf3 Nxa4 29. R1e2 Rxe2 30. Bxe2 f6 31. Rb3 b5 32. Ne3 Nc5
1/2-1/2

[Event "Mitropa Cup 25th"]
[Site "Brno"]
[Date "2006.09.12"]
[Round "6.3"]
[White "Cech, Pavel"]
[Black "Skoberne, Jure"]
[Result "1/2-1/2"]
[WhiteElo "2417"]
[BlackElo "2407"]
[PlyCount "119"]
[EventDate "2006.09.07"]
[EventType "team-tourn"]
[EventRounds "9"]
[EventCountry "CZE"]
[Source "ChessBase"]
[SourceDate "2006.11.03"]
[WhiteTeam "Czech Republic"]
[BlackTeam "Slovenia"]
[WhiteTeamCountry "CZE"]
[BlackTeamCountry "SLO"]

1. d4 d6 2. Nf3 g6 3. g3 Bg7 4. Bg2 Nf6 5. O-O O-O 6. c4 Nc6 7. Nc3 a6 8. Re1
Rb8 9. Rb1 Re8 10. b4 h6 11. d5 Ng4 12. dxc6 Bxc3 13. Bd2 Bg7 14. cxb7 Bxb7 15.
e4 e6 16. h3 Nf6 17. Qc2 d5 18. e5 Ne4 19. Be3 dxc4 20. Red1 Qc8 21. Rd4 Ng5
22. Nxg5 hxg5 23. Rxc4 Bxe5 24. Bxg5 Bxg2 25. Kxg2 Rb5 26. h4 Qb7+ 27. Qe4
Qxe4+ 28. Rxe4 f5 29. Rc4 Reb8 30. a4 Rd5 31. Rc6 Rb6 32. Rbc1 Kf7 33. Rxb6
cxb6 34. Rc6 Rd6 35. Rc7+ Kg8 36. Rc8+ Kf7 37. Rc7+ Kg8 38. Ra7 b5 39. axb5
axb5 40. Rb7 Rd5 41. Re7 Bd6 42. Rxe6 Kf7 43. Rf6+ Kg7 44. Re6 Bxb4 45. Rb6 Bc3
46. Rb7+ Kg8 47. Rb6 Kf7 48. Rb7+ Ke6 49. Rb6+ Kd7 50. Rxg6 b4 51. h5 b3 52.
Bc1 Rd1 53. Rb6 Rxc1 54. Rxb3 Ke6 55. Rb6+ Kf7 56. Rc6 Bb2 57. Rxc1 Bxc1 58. f4
Kf6 59. Kf3 Kg7 60. g4 1/2-1/2

[Event "Mitropa Cup 25th"]
[Site "Brno"]
[Date "2006.09.12"]
[Round "6.3"]
[White "Polak, Tomas"]
[Black "Sakelsek, Tadej"]
[Result "1-0"]
[WhiteElo "2473"]
[BlackElo "2432"]
[PlyCount "55"]
[EventDate "2006.09.07"]
[EventType "team-tourn"]
[EventRounds "9"]
[EventCountry "CZE"]
[Source "ChessBase"]
[SourceDate "2006.11.03"]
[WhiteTeam "Czech Republic"]
[BlackTeam "Slovenia"]
[WhiteTeamCountry "CZE"]
[BlackTeamCountry "SLO"]

1. Nf3 Nf6 2. c4 e6 3. Nc3 Bb4 4. g4 d6 5. g5 Nfd7 6. Qc2 Nc6 7. a3 Bxc3 8.
Qxc3 e5 9. b4 a5 10. b5 Ne7 11. d4 e4 12. Nd2 d5 13. a4 O-O 14. Ba3 Re8 15. Rg1
dxc4 16. Nxe4 Nd5 17. Qf3 N7b6 18. Bc5 Nd7 19. e3 Nxc5 20. dxc5 Nb4 21. Rd1
Nd3+ 22. Bxd3 cxd3 23. Nf6+ gxf6 24. gxf6+ Kh8 25. Rg7 Re5 26. Qg3 Rh5 27. Rxd3
Qe8 28. Rg8+ 1-0

[Event "Mitropa Cup 25th"]
[Site "Brno"]
[Date "2006.09.12"]
[Round "6.3"]
[White "Sebenik, Matej"]
[Black "Kalod, Radek"]
[Result "1/2-1/2"]
[WhiteElo "2400"]
[BlackElo "2512"]
[PlyCount "92"]
[EventDate "2006.09.07"]
[EventType "team-tourn"]
[EventRounds "9"]
[EventCountry "CZE"]
[Source "ChessBase"]
[SourceDate "2006.11.03"]
[WhiteTeam "Slovenia"]
[BlackTeam "Czech Republic"]
[WhiteTeamCountry "SLO"]
[BlackTeamCountry "CZE"]

1. d4 Nf6 2. c4 g6 3. Nf3 Bg7 4. g3 O-O 5. Bg2 d5 6. cxd5 Nxd5 7. O-O Nb6 8.
Nc3 Nc6 9. d5 Na5 10. e4 c6 11. Bg5 h6 12. Bf4 Nac4 13. b3 e5 14. Bc1 Nd6 15.
Ba3 Qc7 16. Rc1 Rd8 17. Qe2 Bd7 18. Rfd1 Rac8 19. Qe3 cxd5 20. Nxd5 Nxd5 21.
Rxd5 Bc6 22. Bh3 Ra8 23. Bxd6 Rxd6 24. Nxe5 Rxd5 25. exd5 Qxe5 26. dxc6 bxc6
27. Qxe5 Bxe5 28. Rxc6 Rd8 29. Rc2 Rd4 30. Bf1 Kg7 31. Kg2 Rd7 32. b4 Rc7 33.
Rxc7 Bxc7 34. Kf3 f5 35. a4 a5 36. bxa5 Bxa5 37. Ke2 Bb6 38. f3 Kf6 39. Kd3 h5
40. Kc4 Bg1 41. h3 Bf2 42. g4 Kg5 43. gxf5 Kxf5 44. Bd3+ Kf4 45. Bxg6 Kxf3 46.
Bxh5+ Kg3 1/2-1/2

[Event "Mitropa Cup 25th"]
[Site "Brno"]
[Date "2006.09.12"]
[Round "6.4"]
[White "Bernasek, Jan"]
[Black "Meier, Georg"]
[Result "1-0"]
[WhiteElo "2459"]
[BlackElo "2450"]
[PlyCount "77"]
[EventDate "2006.09.07"]
[EventType "team-tourn"]
[EventRounds "9"]
[EventCountry "CZE"]
[Source "ChessBase"]
[SourceDate "2006.11.03"]
[WhiteTeam "Czech Republic II"]
[BlackTeam "Germany"]
[WhiteTeamCountry "CZE"]
[BlackTeamCountry "GER"]

1. d4 e6 2. c4 Nf6 3. Bg5 h6 4. Bh4 Bb4+ 5. Nd2 c5 6. a3 Bxd2+ 7. Qxd2 cxd4 8.
Qxd4 Nc6 9. Qc3 g5 10. Bg3 O-O 11. f3 d5 12. h4 d4 13. Qd2 Nh5 14. Bf2 Ng7 15.
hxg5 hxg5 16. O-O-O e5 17. e3 Na5 18. Qc2 Bf5 19. Bd3 Qc8 20. exd4 Bxd3 21.
Qxd3 Qxc4+ 22. Qxc4 Nxc4 23. dxe5 Nxe5 24. Bd4 Rfe8 25. Nh3 f6 26. Nf2 Nf5 27.
Ne4 Kg7 28. Bc3 g4 29. Rh5 Kg6 30. Nxf6 gxf3 31. gxf3 Nxf3 32. Rh3 Re3 33. Nd5
Rxc3+ 34. Nxc3 N3d4 35. Rhd3 Nb3+ 36. Kb1 Nc5 37. Rd5 Ne6 38. Rg1+ Kf6 39. Ne4+
1-0

[Event "Mitropa Cup 25th"]
[Site "Brno"]
[Date "2006.09.12"]
[Round "6.4"]
[White "Brener, Ilja"]
[Black "Kanovsky, David"]
[Result "1/2-1/2"]
[WhiteElo "2327"]
[BlackElo "2368"]
[PlyCount "91"]
[EventDate "2006.09.07"]
[EventType "team-tourn"]
[EventRounds "9"]
[EventCountry "CZE"]
[Source "ChessBase"]
[SourceDate "2006.11.03"]
[WhiteTeam "Germany"]
[BlackTeam "Czech Republic II"]
[WhiteTeamCountry "GER"]
[BlackTeamCountry "CZE"]

1. e4 c5 2. Nf3 e6 3. d4 cxd4 4. Nxd4 a6 5. Nc3 Qc7 6. g3 Bb4 7. Nde2 Nf6 8.
Bg2 Be7 9. O-O d6 10. h3 O-O 11. f4 Nc6 12. g4 d5 13. e5 Nd7 14. Kh1 b5 15. Ng3
Bb7 16. Nce2 d4 17. Nxd4 Nxd4 18. Qxd4 Bxg2+ 19. Kxg2 Qxc2+ 20. Rf2 Qc6+ 21.
Qe4 Rac8 22. Be3 Qxe4+ 23. Nxe4 Rc4 24. Kf3 f6 25. b3 Rc7 26. exf6 Nxf6 27.
Nxf6+ Bxf6 28. Rd1 Rc3 29. Ke4 a5 30. Rfd2 a4 31. Rd3 Rc2 32. R1d2 Rfc8 33. g5
Bb2 34. Rxc2 Rxc2 35. Rd8+ Kf7 36. Rb8 a3 37. Rb7+ Kg6 38. Rb6 Kf7 39. Rxb5 Ba1
40. Ra5 Rxa2 41. Bc5 Bb2 42. Ra7+ Kg6 43. Ra6 Kf7 44. Ra7+ Kg6 45. Ra6 Kf7 46.
Ra7+ 1/2-1/2

[Event "Mitropa Cup 25th"]
[Site "Brno"]
[Date "2006.09.12"]
[Round "6.4"]
[White "Chytilek, Roman"]
[Black "Bogner, Sebastian"]
[Result "1-0"]
[WhiteElo "2392"]
[BlackElo "2318"]
[PlyCount "67"]
[EventDate "2006.09.07"]
[EventType "team-tourn"]
[EventRounds "9"]
[EventCountry "CZE"]
[Source "ChessBase"]
[SourceDate "2006.11.03"]
[WhiteTeam "Czech Republic II"]
[BlackTeam "Germany"]
[WhiteTeamCountry "CZE"]
[BlackTeamCountry "GER"]

1. d4 Nf6 2. Nf3 g6 3. c4 Bg7 4. Nc3 O-O 5. e4 d6 6. h3 e5 7. d5 a5 8. Bg5 Na6
9. Nd2 c6 10. Be2 Bd7 11. O-O Qb8 12. Rb1 Kh8 13. a3 Ng8 14. b4 axb4 15. axb4
c5 16. bxc5 Nxc5 17. Be3 Rc8 18. Nb3 Na4 19. Nxa4 Bxa4 20. Qd2 Nf6 21. f3 Nd7
22. Nc1 Qc7 23. Qb4 Rcb8 24. Rb2 Qa5 25. Qxa5 Rxa5 26. Nd3 b6 27. Ra1 Bf6 28.
Bd2 Ra6 29. Nb4 Raa8 30. Rba2 b5 31. cxb5 Nb6 32. Be3 Bb3 33. Rxa8 Nxa8 34. Ra3
1-0